| 000 | 00471nam a2200169Ia 4500 | ||
|---|---|---|---|
| 003 | GCL | ||
| 008 | 140319s9999 xx 000 0 ara d | ||
| 040 |
_aGCL / _cGCL |
||
| 082 | 0 | 4 |
_aد _b050 |
| 100 | 1 | _aسيد حامد النساج | |
| 245 | 1 | 0 |
_aحصاة فى بحر هائج ( اقرا 537 ) / _cسيد حامد النساج |
| 300 | _a194 | ||
| 490 |
_aوثائق ونصوص _v0 |
||
| 650 | 0 | 4 | _aالقصص العربية |
| 650 | 0 | 4 | _aالقصص |
| 942 |
_2ddc _cCF |
||
| 999 |
_c27194 _d27194 |
||